000 nam a22 a 4500
999 _c192881
_d192881
003 BLK
005 20201028134344.0
008 180411b bul|||||r ||||||| ||bul||
010 _aKNG00202094000
040 _aBLK
041 _aBUL
_cFRE
100 1 _aWitz, M. Aime
_eпърви автор
_9346027
139 _aWitz, M. Aime
_bW 78
245 1 0 _aEloquence Scientifique
_bChoix D'eloges Prononces en Seances de L'academie des Sciences, Depuis Sa Fondation Jusqu'a Nos Jours Witz Aime
_cM. Aime Witz.
257 _aBGR
260 _c1887
_aBruges
380 _a0
490 _9435080
_aКолекция Редки и ценни издания
852 _aРф 887
_bРц
856 4 _qpdf
856 4 _qpdf
942 _cKNG
_n0
_s1
944 _aCR
_c01.03.2017
_kВиолета_Тройчева
944 _aED
_c24.03.2017
_kПенка_Димитрова
999 _d192881